000 01307nam a2200301ua 4500
001 ebr10511436
003 CaPaEBR
006 m u
007 cr cn|||||||||
008 821223s1937 ncuabc sb s000 0 eng d
010 _z 37028426
020 _z9780807802489
020 _z9780807882405
040 _aCaPaEBR
_cCaPaEBR
035 _a(OCoLC)592292556
050 1 4 _aLC2707
_b.N44 1937eb
100 1 _aJones, Lance G. E.
_q(Lance George Edward)
245 1 4 _aThe Jeanes teacher in the United States, 1908-1933
_h[electronic resource] :
_ban account of twenty-five years' experience in the supervision of Negro rural schools /
_cby Lange G. E. Jones.
260 _aChapel Hill :
_bUniversity of North Carolina Press,
_c1937.
300 _axvi, 146 p. :
_bill., ports., maps.
504 _aIncludes bibliographical references.
533 _aElectronic reproduction.
_bPalo Alto, Calif. :
_cebrary,
_d2013.
_nAvailable via World Wide Web.
_nAccess may be limited to ebrary affiliated libraries.
610 2 0 _aNegro Rural School Fund, Inc.
650 0 _aAfrican Americans
_xEducation.
655 7 _aElectronic books.
_2local
710 2 _aebrary, Inc.
856 4 0 _uhttp://site.ebrary.com/lib/rucke/Doc?id=10511436
_zAn electronic book accessible through the World Wide Web; click to view
999 _c222543
_d222543